000 00313nam a2200133Ia 4500
005 20251222140038.0
008 251222s1900||||xx |||||||||||||| ||spa||
020 _a8492302313
082 _a141.5/M88/1997
100 _aMounier, Enmanuel
245 0 _aEl Personalismo
264 _bAcción Cristiana
942 _cLIB
999 _c3176
_d3176